Gene theory (Record no. 23607)
[ view plain ]
| 000 -LEADER | |
|---|---|
| fixed length control field | 00431nam a2200157Ia 4500 |
| 082 ## - DEWEY DECIMAL CLASSIFICATION NUMBER | |
| Classification number | 575.113 |
| Item number | CAR |
| 100 ## - MAIN ENTRY--AUTHOR NAME | |
| Personal name | CARLSON, Elof Axel |
| 245 #0 - TITLE STATEMENT | |
| Title | Gene theory |
| 260 ## - PUBLICATION, DISTRIBUTION, ETC. (IMPRINT) | |
| Place of publication | California |
| Name of publisher | Dickinson |
| Year of publication | 1967 |
| 490 ## - SERIES STATEMENT | |
| Series statement | Dickinson series on contemporary thought in biological science |
| 650 ## - SUBJECT ADDED ENTRY--TOPICAL TERM | |
| Topical Term | Gene function |
| 650 ## - SUBJECT ADDED ENTRY--TOPICAL TERM | |
| Topical Term | Gene structure |
| 650 ## - SUBJECT ADDED ENTRY--TOPICAL TERM | |
| Topical Term | Gene theory |
| 942 ## - ADDED ENTRY ELEMENTS (KOHA) | |
| Koha item type | Books |
| Withdrawn status | Lost status | Damaged status | Not for loan | Home library | Current library | Date acquired | Full call number | Accession Number | Koha item type |
|---|---|---|---|---|---|---|---|---|---|
| RRII Library | RRII Library | 16/12/2021 | 575.113 CAR | 04305 | Books |